000 00813cam a22002054a 4500
005 20250605164214.0
008 250528s ||||||||||||||||||||||||d
035 _a20397
020 _a449240630
040 _aGR-AtMCL
_bgre
_dGR-AtMCL
_eAACR2
245 1 _aSports in America
260 _c1976
300 _a576
520 _aA comprehensive, Controversial Examination of Sports as a Major Force in America. Basic Principles, Ways of Participating, Sports and Heath, Children and Sports, Women in Sports, Sports and Upward Escalation, Colleges and Universities, The Athlete, The Inescapable Problem, The Media, Financing, Government Control, Competition and Violence, Index.
700 1 _aFawcett Crest
_96376
700 1 _aMichener James A
_96377
942 _cBK
999 _c5507
_d5507